000 00477nam a22001817a 4500
008 170612b xxu||||| |||| 00| p tur d
020 _a9750704134
041 _atur
050 _aPL248.D455
100 _aDemirtaş, Metin
_9250
245 _aHazırol Kalbim Toplu Şiirler
_cMetin Demirtaş
250 _a1. baskı
260 _aİstanbul
_bCan Yayınları
_c2004
300 _a220 sayfa
500 _a4 adet mevcuttur.
650 0 _9145
_aTürk Edebiyatı
942 _2lcc
_cBK
999 _c186
_d182